000
00337 a2200121 4500
001
ART_51131
005
20260410161810.0
008
260409a
245
1
0
_a
Caso "Vicentin"
100
1
_a
Ferro, Carlos A.
700
1
_a
Tropeano, Darío
773
0
_t
Doctrina Societaria y Concursal
_g
- N° 392 (jul. 2020)
_w
REV4298
999
_c
21371
_d
21371